|
|
|
|
| LEADER |
00000nam a22000007a 4500 |
| 005 |
20200310221138.0 |
| 007 |
cr|||| |||| |
| 008 |
200310s2007 co |||||s|||| 00||0 spa d |
| 020 |
|
|
|a 978-958-9348-39-0
|
| 035 |
|
|
|a 31199
|
| 040 |
|
|
|a vLex
|
| 090 |
|
|
|c 10220
|d 10220
|
| 100 |
1 |
|
|a Galln̤ Giraldo, Gustavo
|
| 245 |
1 |
0 |
|a Principios internacionales sobre impunidad y reparaciones
|h [Recurso electrn̤ico] /
|c Gustavo Galln̤ Giraldo, Michael Reed Hurtado
|
| 256 |
|
|
|a Servicio en ln̕ea
|
| 260 |
|
|
|a Bogot:̀
|b Comisin̤ Colombiana de Juristas,
|c 2007
|
| 300 |
|
|
|a 1 recurso electrn̤ico
|
| 506 |
1 |
|
|a Disponible solo en los productos indicados
|d vLex Global
|d vLex Global (Academic Edition, excluding Law Schools)
|d vLex Global (U.S. Academic Edition, Law Schools)
|d vLex Global (U.S. Academic Edition, excluding Law Schools)
|d vLex Global (Academic Edition, Law Schools)
|
| 650 |
0 |
4 |
|a Derecho Internacional
|z Colombia
|
| 700 |
1 |
|
|a Reed Hurtado, Michael
|
| 740 |
0 |
|
|a vLex Libros (Servicio en ln̕ea)
|
| 856 |
4 |
0 |
|u http://vlex.com/source/principios-internacionales-impunidad-reparaciones-31199
|z Acceso restringido
|
| 942 |
|
|
|c BOOK
|
| 999 |
0 |
|
|a International right
|